Environmentálne orientovaný personálny manažment podniku bakalárska práca

Na minha lista:
Detalhes bibliográficos
Autor principal: Šoltísová, Lucia
Autor Corporativo: Podnikovohospodárska fakulta EU so sídlom v Košiciach. Katedra manažmentu
Outros Autores: Lešková, Ľubica, 1988-
Formato: Livro
Idioma:eslovaco
Publicado em: Košice 2014
Tags: Adicionar Tag
Sem tags, seja o primeiro a adicionar uma tag!

MARC

LEADER 00000nbm a2200000 4500
001 0189154
005 20170201084956.5
041 0 |a slo 
044 |a SK 
245 1 0 |a Environmentálne orientovaný personálny manažment podniku  |b bakalárska práca  |c Lucia Šoltísová ; školiteľ: Ľubica Lešková 
264 1 |a Košice  |c 2014 
300 |a 66 s. 
100 1 |a Šoltísová, Lucia 
700 1 |a Lešková, Ľubica, 1988- 
710 2 |a Podnikovohospodárska fakulta EU so sídlom v Košiciach. Katedra manažmentu